000 00516nam a2200193Ia 4500
005 20230227111725.0
008 131103s9999 xx 000 0 und d
040 _aLoreto College
041 _aEnglish
082 _a821.08
_bYOU
245 _aGreat English poems
_cSelected and edited by C. B. Young
250 _a3rd ed.
260 _aLondon
_bOxford University Press
_c1957
300 _avi,235p.
650 _aEnglish Poetry - Collections
700 _aYoung, C. B., ed.
850 _aLCLIB
942 _cBK
999 _c21007
_d71486